[Event "SVK-chT4 A21 2122"]
[Site "Slovakia"]
[Date "2022.02.20"]
[Round "9.5"]
[White "Kuracina, Lubomir"]
[Black "Davidik, Miroslav"]
[Result "1-0"]
[WhiteElo "1391"]
[BlackElo "1500"]
[PlyCount "137"]
[EventDate "2021.10.17"]
[EventType "team-tourn"]
[EventRounds "11"]
[EventCountry "SVK"]
[SourceTitle "EXT 2023"]
[Source "ChessBase"]
[SourceDate "2022.10.05"]
[SourceVersion "1"]
[SourceVersionDate "2022.10.05"]
[SourceQuality "1"]
[WhiteTeam "Chtelnica Kamenar"]
[BlackTeam "Skalica II"]
[WhiteTeamCountry "SVK"]
[BlackTeamCountry "SVK"]

1. e4 e6 2. d4 d5 3. e5 c5 4. c3 Nc6 5. a3 cxd4 6. cxd4 Bd7 7. Nc3 h6 8. Bb5 Nge7 9. Nge2 a6 10. Bxc6 Nxc6 11. 0-0 Be7 12. Be3 0-0 13. f4 f5 14. b4 b5 15. Qb3 Be8 16. Ng3 Bh4 17. Nce2 Bxg3 18. Nxg3 Qb6 19. Rfd1 g6 20. Rac1 a5 21. Rc5 a4 22. Qc2 Bd7 23. Rc1 Rfc8 24. Qd3 Rab8 25. Ne2 Na7 26. Rxc8+ Rxc8 27. Rxc8+ Nxc8 28. h3 h5 29. Bf2 Qd8 30. g4 hxg4 31. hxg4 Kf7 32. Qh3 Qg8 33. gxf5 gxf5+ 34. Kf1 Na7 35. Qh5+ Qg6 36. Qh8 Qg8 37. Qf6+ Ke8 38. Bh4 Nc6 39. Bg5 Qf7 40. Qh8+ Qf8 41. Qh4 Bc8 42. Bf6 Qf7 43. Kf2 Bb7 44. Ke3 Bc8 45. Ng3 Qg8 46. Qh5+ Qf7 47. Qh2 Kd7 48. Bg5 Kc7 49. Nh5 Kb8 50. Nf6 Qa7 51. Qd2 Qb6 52. Ne8 Bd7 53. Nd6 Ka8 54. Qc3 Kb8 55. Qd3 Na7 56. Nf7 Qc6 57. Be7 Qc4 58. Bc5 Qxd3+ 59. Kxd3 Nc6 60. Nd6 Nd8 61. Bb6 Nb7 62. Bc5 Bc6 63. Nf7 Be8 64. Ng5 Bd7 65. Nh7 Kc7 66. Nf6 Kd8 67. Ke3 Be8 68. Kf3 Bf7 69. Kg3 1-0

[Event "SVK-chT5 SE-SI 1819"]
[Site "Slovakia"]
[Date "2018.12.08"]
[Round "4.1"]
[White "Davidik, Miroslav"]
[Black "Holiencin, Filip"]
[Result "1/2-1/2"]
[WhiteElo "1502"]
[BlackElo "1701"]
[PlyCount "25"]
[EventDate "2018.10.20"]
[EventType "team-tourn"]
[EventRounds "10"]
[EventCountry "SVK"]
[SourceTitle "CBM 189 Extra"]
[Source "ChessBase"]
[SourceDate "2019.05.31"]
[SourceVersion "1"]
[SourceVersionDate "2019.05.31"]
[SourceQuality "1"]
[WhiteTeam "Skalica IV"]
[BlackTeam "Holic III"]
[WhiteTeamCountry "SVK"]
[BlackTeamCountry "SVK"]

1. b4 e5 2. Bb2 Bxb4 3. Bxe5 Nf6 4. a3 d6 5. Bb2 Ba5 6. h3 Nc6 7. Nf3 0-0 8. e3 Ne4 9. Be2 Bd7 10. c4 Bf5 11. g4 Bd7 12. Qc2 Qe7 13. Rg1 1/2-1/2

[Event "SVK-chT5 SE-SI 1415"]
[Site "Slovakia"]
[Date "2015.03.07"]
[Round "10.4"]
[White "Davidik, Miroslav"]
[Black "Vozarova, Adriana"]
[Result "0-1"]
[WhiteElo "1421"]
[BlackElo "1444"]
[PlyCount "64"]
[EventDate "2014.10.18"]
[EventType "team-tourn"]
[EventRounds "11"]
[EventCountry "SVK"]
[SourceTitle "EXT 2022"]
[Source "ChessBase"]
[SourceDate "2021.10.06"]
[SourceVersion "1"]
[SourceVersionDate "2021.10.06"]
[SourceQuality "1"]
[WhiteTeam "Skalica IV"]
[BlackTeam "Stefanov II"]
[WhiteTeamCountry "SVK"]
[BlackTeamCountry "SVK"]

1. e4 e5 2. f4 d6 3. Nf3 Bg4 4. Bc4 Nd7 5. d3 Ngf6 6. Nc3 Be7 7. a3 c6 8. 0-0 0-0 9. b4 Re8 10. h3 Be6 11. Bxe6 fxe6 12. fxe5 dxe5 13. Bb2 Nh5 14. Ne2 Bd6 15. c4 Nf4 16. Qd2 Rf8 17. c5 Bc7 18. Nxf4 exf4 19. e5 b6 20. Nd4 Qe8 21. Nxc6 Nxc5 22. bxc5 Qxc6 23. cxb6 Qxb6+ 24. Kh1 Rf7 25. Bc3 Qc5 26. d4 Qc6 27. Rf3 Rd8 28. Qf2 Bb6 29. Rd1 Qa4 30. Bb4 Qxd1+ 31. Kh2 Bxd4 32. Qa2 Qg1# 0-1

[Event "SVK-chT3A2 0910"]
[Site "Slovakia"]
[Date "2010.02.28"]
[Round "9.8"]
[White "Pivacek, Jozef"]
[Black "Davidik, Miroslav"]
[Result "1-0"]
[WhiteElo "1000"]
[BlackElo "1515"]
[PlyCount "39"]
[EventDate "2009.10.18"]
[EventType "team-tourn"]
[EventRounds "11"]
[EventCountry "SVK"]
[SourceTitle "EXT 2011"]
[Source "ChessBase"]
[SourceDate "2010.11.26"]
[SourceVersion "1"]
[SourceVersionDate "2010.11.26"]
[SourceQuality "1"]
[WhiteTeam "Holic"]
[BlackTeam "Skalica II"]
[WhiteTeamCountry "SVK"]
[BlackTeamCountry "SVK"]

1. e4 c5 2. Nc3 a6 3. g3 Nc6 4. Bg2 d6 5. f4 e6 6. Nf3 Bd7 7. 0-0 Qb6 8. d3 Nge7 9. Rb1 g6 10. Be3 Bg7 11. Qd2 Qc7 12. Ne2 b6 13. c3 d5 14. b4 c4 15. exd5 exd5 16. d4 f6 17. h3 b5 18. g4 0-0-0 19. g5 Bf5 20. Ra1 1-0